| 000 | 00935nam a22002897a 4500 | ||
|---|---|---|---|
| 001 | 8370 | ||
| 003 | FISKH | ||
| 005 | 20250910095729.0 | ||
| 008 | 250910b cb ||||| |||| 00| 0 eng d | ||
| 020 | _a9780545163880 | ||
| 040 |
_aFISKH _beng _cFISKH _dFISKH |
||
| 050 | _aPZ7.B4425 N | ||
| 082 | _a636.088 | ||
| 100 | _aBennett, Kelly | ||
| 245 |
_aNot norman : _bA goldfish story / _cBy Kelly Bennett : illustrated Noah Z.Jones |
||
| 260 |
_aNew York : _bScholastic , _c2005. |
||
| 300 |
_a30 unnumbered pages : _bcolor illustrations ; _c23 cm . |
||
| 505 | _aJ | ||
| 520 | _aAs a boy attempts to convince someone else to take his disappointing pet, he learns to love Norman the goldfish himself. | ||
| 521 | 8 |
_a460
_bLexile |
|
| 521 | 8 |
_aJ
_bRaz-Plus |
|
| 650 |
_aFriendship _vFiction |
||
| 650 |
_aGoldfish _vFiction |
||
| 700 |
_aJones,Noah Z. _eIllustrator |
||
| 942 |
_2ddc _cBK _n0 |
||
| 999 |
_c8370 _d8370 |
||